Biggest Trading Partners - Czechia - Statistics

General Stats
  • This quiz has been taken 50 times
  • The average score is 28 of 30
Answer Stats
Exports Country % Correct
42.62 bil Germany
98%
36.60 bil Germany
98%
8.75 bil Poland
98%
7.67 bil Poland
98%
6.62 bil United Kingdom
98%
2.95 bil United Kingdom
98%
2.31 bil United States
98%
2.56 bil United States
98%
6.29 bil Austria
96%
4.64 bil Austria
96%
6.43 bil Italy
96%
5.75 bil Italy
96%
11.66 bil Slovakia
96%
7.04 bil Slovakia
96%
11.96 bil China
94%
7.56 bil France
94%
5.30 bil France
94%
3.74 bil Hungary
94%
3.64 bil Hungary
94%
3.72 bil Russia
94%
9.05 bil Russia
94%
3.12 bil Spain
92%
2.29 bil Spain
92%
5.18 bil Netherlands
90%
3.94 bil Netherlands
90%
1.91 bil Switzerland
90%
4.50 bil Japan
88%
2.40 bil Sweden
88%
3.62 bil Belgium
86%
2.42 bil Belgium
86%
No matching quizzes found
Score Distribution
Percent of People with Each Score
Percentile by Number Answered
Your Score History
You have not taken this quiz